[Event "IECC Y2KO email"]
[Site "IECC email"]
[Date "1999.10.14"]
[Round "?"]
[White "Miljkovic, Petar"]
[Black "Myatt, John R"]
[Result "1-0"]
[WhiteElo "1178"]
[BlackElo "1782"]
[PlyCount "49"]
[EventDate "1999.??.??"]
[EventType "tourn (corr)"]
[EventRounds "2"]
[SourceTitle "Corr 2008"]
[Source "ChessBase"]
[SourceDate "2008.06.24"]
[SourceVersion "1"]
[SourceVersionDate "2008.06.24"]
[SourceQuality "1"]

1. e4 e6 2. d4 c5 3. Nf3 d5 4. exd5 exd5 5. Be2 Nc6 6. 0-0 Nf6 7. c3 Bg4 8. Re1 Be7 9. dxc5 0-0 10. b4 Ne4 11. Nfd2 Bxe2 12. Rxe2 Bf6 13. Nxe4 dxe4 14. Rd2 Qe7 15. Rb2 Rad8 16. Qe1 Rd3 17. Bf4 Ne5 18. Nd2 Rfd8 19. Nxe4 Nc4 20. Re2 Qd7 21. Nxf6+ gxf6 22. a4 Kg7 23. a5 Qg4 24. Re4 Qf5 25. Rxc4 1-0

[Event "IECC Quad-622 email"]
[Site "IECC email"]
[Date "1998.10.01"]
[Round "?"]
[White "Miljkovic, Petar"]
[Black "Mitchell, TT."]
[Result "1-0"]
[WhiteElo "1014"]
[BlackElo "927"]
[PlyCount "53"]
[EventDate "1998.??.??"]
[EventType "tourn (corr)"]
[EventRounds "6"]
[SourceTitle "Corr 2008"]
[Source "ChessBase"]
[SourceDate "2008.06.24"]
[SourceVersion "1"]
[SourceVersionDate "2008.06.24"]
[SourceQuality "1"]

1. e4 e5 2. Nf3 Bd6 3. d4 Nc6 4. Be3 f6 5. Be2 Nge7 6. d5 Na5 7. Qd2 b6 8. 0-0 0-0 9. Nc3 c6 10. Rad1 c5 11. Nb5 Nb7 12. b4 cxb4 13. Nxd6 Nxd6 14. Qxb4 a5 15. Qxd6 Qe8 16. Qxb6 Bb7 17. Qxb7 Rb8 18. Qa6 Qd8 19. Rb1 Rc8 20. c4 Ra8 21. Qb6 Qc8 22. Bc5 Rb8 23. Qxb8 Qxc5 24. Qb5 Qa3 25. Qxd7 Ng6 26. Rb7 Ne7 27. d6 1-0